00523nam a2200193 a 4500001001300000003000900013005001700022008004100039020001000080082001500090100001900105245006500124260002900189300000900218500003500227505002600262650002200288700001900310nice12345678IN_TiNIC20260116012250.0050524s1896 newa grp 000 0 eng  ac10000a253.2bNEW aNewbolt, W C E aSpeculum Sacredotum Or the Divine Model of the Priestly Life aNew YorkbLongman c1896 a321p aincludes index and biblioraphy2 aBibliography, Indices aPastoral Theology1 aNewbolt, W C E